02759nam a2200301 a 450000100100000000500170001000800410002702000180006804000250008608200180011110000430012924501020017226000420027430000360031650000550035250000580040750511950046559000260166065000510168665000300173770000420176795201310180995201310194095201310207195201160220295201220231899900170244000002236620260428122630.0101006s2009 dr ac r 001 0 spa d a9789945406993 aDO-SdBNPbspacBNPHu a796.83bC957b1 aCruz Torres, Juan de la,d1961-94613210aÉxito :bboxeo olímpico dominicano /cJuan de la Cruz Torres ; prólogo Luis Mejía Oviedo. aSanto Domingo :bAlfa y Omega,c2009. a177 p. :bil., retrs. ;c23 cm. aIncluye datos biográficos del autor en la solapa aFélix Manuel Díaz Guzmán / campeón olímpico0 aPrólogo -- Nota del autor -- Agradecimiento -- Colaboradores -- Introducción -- Historia del boxeo -- Surgimiento del boxeo en la República Dominicana -- Breve reseña histórica -- El boxeo femenino -- Federación dominicana de boxeo -- (FEDOBOXA) -- Dirigentes que prestigian el boxeo -- La medalla que más brilla de América -- Félix Manuel Díaz Guzmán -- En boxeo presencia médica obligatoria -- Primer presidente de la comisión médica de la fedración de boxeo Dr. Juan A. Niemen -- Primer campeón olímpico beijing 2008 / Félix Manuel Díaz Guzmán -- Primer medallista olímpico de República Dominicana / Pedro Julio Nolasco -- Primer medalista panaméricano de manera individual de República Dominicana / Joan Tolentino Guzmán Amaro -- Primer medallista campeón mundial superior / Elio Enaí Rojas Suriel -- Campeones mundiales juveniles -- Héroes de barranquilla 1946 -- Juegos centroaméricanos y del Caribe, Medellín, Colombia 1978 -- Juegos panamericanos, su origen -- Boxeo República Dominicana en juegos olímpicos -- Primera mujer juez / Árbitro en participar en juegos centroamericanos y del Caribe -- Galería de fotos. aInventariado, 2019/VM 4aBoxeoxHistoriazRepública Dominicana946133 0aJuegos olímpicos9461341 aMejía Oviedo, Luis,epról.946135 001054708DSaGRbGRcHDd2010-10-06iLF1l0o796.83 C957bp22366-30r2020-06-25te. 3w2020-06-25yLFDSZPréstamo en sala 001054708DSaGRbGRcHDd2019-06-13iLF1l0o796.83 C957bp22366-40r2020-06-25te. 4w2020-06-25yLFDSZPréstamo en sala 001054708DSaGRbGRcHDd2019-06-13iLF1l0o796.83 C957bp22366-50r2020-06-25te. 5w2020-06-25yLFDSZPréstamo en sala 0010718PDaPDbPDcHDd2010-10-06iLF1l0o796.83 C957bp22366-10r2020-06-25w2020-06-25yLFPDZNo se presta 0010718PDaPDbPDcHDd2010-10-06iLF1l0o796.83 C957bp22366-20r2020-06-25te. 2w2020-06-25yLFPDZNo se presta c21864d21864